00347 a2200121 450000500170000000800410001702000180005804100120007610000120008824500810010026000360018130000080021720250604165236.0250604b |||||||| |||| 00| 0 eng d a9789395192507 aEnglish aKale A. aRambob : The True Account Of A Special Forces Officer - Major Sudhir Walia  bPenguin Rendom Hose Indiac2024 a244